Mockingjay's Squad 451 Quiz Stats

 Plays Quiz Updated Nov 18, 2014

Challenge
Share
Tweet
Embed
Score 0/14 Timer 04:00
0 Plays Today
% Correct
Katniss Everdeen
96.2%
Peeta Mellark
83.3%
Gale Hawthorne
81.7%
Finnick Odair
67%
Pollux
63.3%
Boggs
63%
Cressida
60.3%
% Correct
Castor
58.3%
Leeg 1
54.2%
Leeg 2
54.2%
Jackson
47.8%
Mitchell
41.1%
Messalla
40%
Homes
36.3%

You're not logged in!

Compare scores with friends on all Sporcle quizzes.
OR
Log In

You Might Also Like...

Show Comments

Extras

Top Quizzes Today


Score Distribution

Your Account Isn't Verified!

In order to create a playlist on Sporcle, you need to verify the email address you used during registration. Go to your Sporcle Settings to finish the process.

Report this User

Report this user for behavior that violates our Community Guidelines.

Details: